[Event "AUT-chT2M 1819"]
[Site "Austria"]
[Date "2018.10.20"]
[Round "2.1"]
[White "Handler, Lukas"]
[Black "Koller, Hans Juergen"]
[Result "1-0"]
[WhiteElo "2401"]
[BlackElo "2168"]
[PlyCount "97"]
[EventDate "2018.10.19"]
[EventType "team-tourn"]
[EventRounds "11"]
[EventCountry "AUT"]
[SourceTitle "CBM 186 Extra"]
[Source "ChessBase"]
[SourceDate "2018.08.24"]
[SourceVersion "1"]
[SourceVersionDate "2018.08.24"]
[SourceQuality "1"]
[WhiteTeam "Maria Saal II"]
[BlackTeam "Freistadt/Wartberg"]
[WhiteTeamCountry "AUT"]
[BlackTeamCountry "AUT"]

1. d4 Nf6 2. c4 c5 3. d5 e6 4. Nc3 exd5 5. cxd5 d6 6. e4 g6 7. Nf3 Bg7 8. Be2 0-0 9. Be3 Bg4 10. Nd2 Bxe2 11. Qxe2 a6 12. a4 Nbd7 13. 0-0 Re8 14. h3 Qc7 15. Rfe1 Rac8 16. a5 Nh5 17. Ra4 Be5 18. g3 Ndf6 19. Kg2 c4 20. g4 Nf4+ 21. Bxf4 Bxf4 22. Nxc4 Qd8 23. Qf3 Be5 24. Nxe5 Rxe5 25. Qg3 g5 26. f4 gxf4 27. Qxf4 Qe7 28. Rf1 Kg7 29. Rf3 Nd7 30. Rd4 Nf8 31. Qg3 Ng6 32. Kf1 Qg5 33. Qf2 Rc7 34. Rf5 Qh6 35. Rd3 Qc1+ 36. Rd1 Qh6 37. Qg3 Rc5 38. Kg1 Rxa5 39. Rdf1 Re7 40. Kh2 Rd7 41. g5 Qh4 42. Qf3 Ne5 43. Qe2 Ng6 44. b4 Ra3 45. Qb2 Rxc3 46. Qxc3+ Ne5 47. Rxe5 dxe5 48. Qxe5+ Kf8 49. d6 1-0

[Event "AUT-chT2M 1819"]
[Site "Austria"]
[Date "2018.10.19"]
[Round "1.3"]
[White "Sandhoefner, Florian"]
[Black "Handler, Lukas"]
[Result "1-0"]
[WhiteElo "2315"]
[BlackElo "2401"]
[PlyCount "69"]
[EventDate "2018.10.19"]
[EventType "team-tourn"]
[EventRounds "11"]
[EventCountry "AUT"]
[SourceTitle "CBM 186 Extra"]
[Source "ChessBase"]
[SourceDate "2018.08.24"]
[SourceVersion "1"]
[SourceVersionDate "2018.08.24"]
[SourceQuality "1"]
[WhiteTeam "St Valentin"]
[BlackTeam "Maria Saal II"]
[WhiteTeamCountry "AUT"]
[BlackTeamCountry "AUT"]

1. d4 Nf6 2. c4 e6 3. Nf3 d5 4. Nc3 Bb4 5. Bg5 dxc4 6. e4 b5 7. e5 h6 8. Bh4 g5 9. Nxg5 hxg5 10. Bxg5 Nbd7 11. Qf3 Rb8 12. exf6 Bb7 13. Qe3 Nb6 14. 0-0-0 Nd5 15. Nxd5 Bxd5 16. h4 c6 17. Kb1 Qa5 18. Rc1 c3 19. a3 Qa4 20. f3 Bxa3 21. Rxc3 Bb4 22. b3 Qa5 23. Rc2 Qb6 24. Bd3 a5 25. Be4 a4 26. Bxd5 cxd5 27. Rhc1 axb3 28. Rc8+ Kd7 29. R1c7+ Qxc7 30. Rxc7+ Kxc7 31. Bf4+ Kb6 32. Bxb8 Rxb8 33. Qxb3 Bd2 34. Qc2 Bb4 35. h5 1-0

[Event "Steyr Landesliga 1819"]
[Site "Austria"]
[Date "2018.10.06"]
[Round "1.2"]
[White "Handler, Lukas"]
[Black "Enoeckl, Philipp"]
[Result "1/2-1/2"]
[WhiteElo "2389"]
[BlackElo "2294"]
[PlyCount "113"]
[EventDate "2018.10.06"]
[EventType "team-tourn"]
[EventRounds "11"]
[EventCountry "AUT"]
[SourceTitle "CBM 187 Extra"]
[Source "ChessBase"]
[SourceDate "2018.11.04"]
[SourceVersion "1"]
[SourceVersionDate "2018.11.04"]
[SourceQuality "1"]
[WhiteTeam "Fuerstenfeld/Hartberg"]
[BlackTeam "Leoben"]
[WhiteTeamCountry "AUT"]
[BlackTeamCountry "AUT"]

1. d4 Nf6 2. c4 g6 3. Nc3 Bg7 4. e4 d6 5. Be2 0-0 6. Be3 e5 7. d5 Na6 8. g4 Nc5 9. f3 a5 10. h4 h5 11. g5 Ne8 12. Qd2 f5 13. gxf6 Bxf6 14. 0-0-0 Kh7 15. Nh3 Bxh3 16. Rxh3 Qd7 17. Rh2 Na4 18. Nb5 Be7 19. Qc2 Nc5 20. Kb1 Na6 21. a3 Rf7 22. Rg1 c6 23. Nc3 Nf6 24. Bf1 Raf8 25. Bh3 Qd8 26. Rhg2 Rg7 27. Bf5 Rfg8 28. Be6 Rf8 29. Qd2 Ng8 30. Bf5 Rf6 31. f4 Qf8 32. fxe5 dxe5 33. Ka2 Bc5 34. Qe2 Bxe3 35. Qxh5+ Nh6 36. Rxg6 Rgxg6 37. Rxg6 Kh8 38. Rxf6 Qxf6 39. Qe8+ Kg7 40. Qd7+ Qf7 41. dxc6 Nxf5 42. exf5 bxc6 43. Qxc6 Nc5 44. f6+ Kh7 45. Nd5 Bd4 46. Qd6 a4 47. h5 Qb7 48. Qe7+ Kh6 49. Nb4 Qg2 50. Qf8+ Kh7 51. Nc2 Qg3 52. Nxd4 exd4 53. Qxc5 Qb3+ 54. Kb1 Qd1+ 55. Ka2 Qb3+ 56. Kb1 Qd1+ 57. Ka2 1/2-1/2

[Event "Vienna-ch"]
[Site "Vienna"]
[Date "2018.09.14"]
[Round "7"]
[White "Handler, Lukas"]
[Black "Bauer, Thomas"]
[Result "1-0"]
[WhiteElo "2389"]
[BlackElo "2171"]
[PlyCount "71"]
[EventDate "2018.09.08"]
[EventType "tourn"]
[EventRounds "9"]
[EventCountry "AUT"]
[SourceTitle "CBM 186 Extra"]
[Source "ChessBase"]
[SourceDate "2018.08.24"]
[SourceVersion "1"]
[SourceVersionDate "2018.08.24"]
[SourceQuality "1"]

1. d4 Nf6 2. c4 e6 3. Nf3 c5 4. d5 exd5 5. cxd5 d6 6. Nc3 g6 7. e4 Bg7 8. Be2 0-0 9. Be3 Na6 10. Nd2 Re8 11. 0-0 Rb8 12. h3 h6 13. Bf4 Nc7 14. a4 Na6 15. Bf3 g5 16. Bg3 Nc7 17. Nc4 Bf8 18. Re1 b5 19. Nxd6 Bxd6 20. e5 Bf8 21. d6 Ne6 22. exf6 Nd4 23. Rxe8 Qxe8 24. d7 Bxd7 25. Bxb8 Qxb8 26. Nxb5 Bxb5 27. axb5 Qf4 28. Rxa7 Bd6 29. Ra8+ Bb8 30. Kf1 h5 31. g3 Qe5 32. Qe1 Qxf6 33. Rxb8+ Kg7 34. Bxh5 Qf5 35. Bg4 Qd5 36. Kg1 1-0

[Event "Steyr Landesliga 1718"]
[Site "Austria"]
[Date "2018.04.14"]
[Round "11.2"]
[White "Wukits, Rene"]
[Black "Handler, Lukas"]
[Result "0-1"]
[WhiteElo "2315"]
[BlackElo "2386"]
[PlyCount "67"]
[EventDate "2017.09.30"]
[EventType "team-tourn"]
[EventRounds "11"]
[EventCountry "AUT"]
[SourceTitle "EXT 2021"]
[Source "ChessBase"]
[SourceDate "2020.10.23"]
[SourceVersion "1"]
[SourceVersionDate "2020.10.23"]
[SourceQuality "1"]
[WhiteTeam "Soechau"]
[BlackTeam "Fuerstenfeld/Hartberg II"]
[WhiteTeamCountry "AUT"]
[BlackTeamCountry "AUT"]

1. d4 Nf6 2. c4 e6 3. Nc3 Bb4 4. e3 b6 5. Bd3 Bb7 6. Nf3 0-0 7. 0-0 Bxc3 8. bxc3 d6 9. Nd2 Nbd7 10. f4 e5 11. fxe5 dxe5 12. Ba3 c5 13. Qe1 Re8 14. Qg3 g6 15. Rae1 Nh5 16. Qf2 f5 17. Be2 Nhf6 18. Bf3 Bxf3 19. gxf3 Qc7 20. Qh4 Qc6 21. dxc5 Re6 22. e4 f4 23. Rd1 Qa4 24. Nb1 bxc5 25. Qh3 Rb6 26. Rd2 Rab8 27. Rdd1 Qxc4 28. Nd2 Qxa2 29. Bc1 a5 30. Rf2 Rd6 31. Qf1 Qc2 32. Qc4+ Kg7 33. Re1 a4 34. Qf7+ 0-1

[Event "AUT-chT2M 1718"]
[Site "Austria"]
[Date "2018.04.06"]
[Round "10.1"]
[White "Handler, Lukas"]
[Black "Testor, Sebastian"]
[Result "1/2-1/2"]
[WhiteElo "2386"]
[BlackElo "2307"]
[PlyCount "109"]
[EventDate "2017.10.27"]
[EventType "team-tourn"]
[EventRounds "11"]
[EventCountry "AUT"]
[SourceTitle "EXT 2019"]
[Source "ChessBase"]
[SourceDate "2018.10.10"]
[SourceVersion "1"]
[SourceVersionDate "2018.10.10"]
[SourceQuality "1"]
[WhiteTeam "Maria Saal II"]
[BlackTeam "Sauwald"]
[WhiteTeamCountry "AUT"]
[BlackTeamCountry "AUT"]

1. c4 Nf6 2. g3 e6 3. Bg2 d5 4. Nf3 Be7 5. 0-0 0-0 6. b3 c5 7. e3 b6 8. Bb2 Bb7 9. Qe2 Nc6 10. Rd1 Rc8 11. d3 Qc7 12. Nc3 Rfd8 13. Rac1 dxc4 14. bxc4 Qb8 15. Ba1 Bf8 16. Ne1 Rd7 17. g4 h6 18. f4 Nh7 19. h4 Ne7 20. Nf3 Re8 21. g5 Nf5 22. Ne5 Rde7 23. g6 fxg6 24. Nxg6 Bxg2 25. Nxe7+ Bxe7 26. Kxg2 Nxh4+ 27. Kh3 Nf5 28. Ne4 Qd8 29. Rg1 Rf8 30. Rg2 Rf7 31. Ng3 Bf6 32. Nxf5 exf5 33. d4 cxd4 34. exd4 Re7 35. Qh5 Qa8 36. Re2 Re4 37. Rce1 Qc8 38. a3 Qxc4 39. Rxe4 fxe4 40. Qe8+ Nf8 41. Qxe4 Qb3+ 42. Qe3 Qd5 43. Bc3 Qh5+ 44. Kg2 Ng6 45. Bd2 Kh7 46. Qe4 Qg4+ 47. Kf1 Qh3+ 48. Ke2 Qh5+ 49. Kd3 Qb5+ 50. Ke3 Qb3+ 51. Ke2 Qb5+ 52. Kf3 Qh5+ 53. Ke3 Qh3+ 54. Ke2 Qh5+ 55. Kd3 1/2-1/2